<?xml version="1.0" encoding="UTF-8"?>
<collection xmlns="http://www.loc.gov/MARC21/slim">
 <record>
  <leader>     na                 </leader>
  <controlfield tag="001">INLIS000000000691347</controlfield>
  <controlfield tag="005">20200130094701</controlfield>
  <datafield tag="035" ind1=" " ind2=" ">
   <subfield code="a">0010-0120000241</subfield>
  </datafield>
  <controlfield tag="007">ta</controlfield>
  <controlfield tag="008">200130                e          m ind  </controlfield>
  <datafield tag="082" ind1=" " ind2=" ">
   <subfield code="a">297</subfield>
  </datafield>
  <datafield tag="084" ind1=" " ind2=" ">
   <subfield code="a">297 FUA s</subfield>
  </datafield>
  <datafield tag="100" ind1="0" ind2=" ">
   <subfield code="a">Fuad Kauma</subfield>
  </datafield>
  <datafield tag="245" ind1="1" ind2=" ">
   <subfield code="a">100 Panduan Hidup Muslim /</subfield>
   <subfield code="c">Fuad Kauma</subfield>
  </datafield>
  <datafield tag="250" ind1=" " ind2=" ">
   <subfield code="a">Cet l;</subfield>
  </datafield>
  <datafield tag="260" ind1=" " ind2=" ">
   <subfield code="a">Yogyakarta :</subfield>
   <subfield code="b">MITRA PUSTAKA,</subfield>
   <subfield code="c">2001</subfield>
  </datafield>
  <datafield tag="300" ind1=" " ind2=" ">
   <subfield code="a">x + 388 hlm :</subfield>
   <subfield code="b">ilus ;</subfield>
   <subfield code="c">21 cm</subfield>
  </datafield>
  <datafield tag="700" ind1="0" ind2=" ">
   <subfield code="a">Isnaini Fuad</subfield>
  </datafield>
  <datafield tag="856" ind1=" " ind2=" ">
   <subfield code="a">Ruang Baca Umum</subfield>
  </datafield>
  <datafield tag="990" ind1=" " ind2=" ">
   <subfield code="a">DPKBWI0264</subfield>
  </datafield>
 </record>
</collection>
